000 01836nam a2200325 a 4500
001 BRCA_2430
005 20190320203815.0
008 141108s1787----sp-a---###---#000-0dspa-u
041 _aspa
044 _asp
084 _a072
_b.I24
_c1787
100 1 _aCervantes Saavedra, Miguel de
_d1547-1616
_9213
245 1 0 _aEl Ingenioso Hidalgo Don Quixote de la Mancha
_ccompuesto por Miguel de Cervantes Saavedra.
250 _a3
260 _aMadrid
_bViuda de Ibarra
_c1787
300 _a6 v.
_bil.
_c17 cm.
_eun mapa plegable
500 _aContenido : v 1. Primera parte. Prólogo de la Real Academia Española. Retrato de Cervantes. Análisis y plan cronológico del Quixote. Pruebas del documento por V. de los Ríos. Principios de la edición príncipe. Dedicatoria. Prólogo del autor. Versos preliminares. Mapa de una parte de España por donde anduvo D. Quijote y Variantes. -- v 2. Texto. -- v 3. Texto. -- v 4. Segunda parte. Principios de la edición príncipe. Dedicatoria. Prólogo del autor. Texto. -- v 5. Texto -- v 6. Texto
500 _aEdición : Tercera edición corregida por la Real Academia Española
500 _aTercera edición de la Academia. Ajustada a la segunda de 1782 sin más diferencias que haberse distribuido en 6 tomos. Las mismas láminas, pero borrosas. Piel; lomeras adornadas con filetes dorados Lúdovik Osterc
500 _aCon ex-libris de : Charles Porcher
500 _aQM58
650 1 4 _aNovela española
_yÉpoca clásica, 1500-1700
_9215
650 1 4 _aLiteratura española
_yÉpoca clásica, 1500-1700
_9216
650 1 4 _aNovela española
_ySiglo XVII
_9217
650 1 4 _aDon Quijote (Personaje ficticio)
_eNovela
_9218
700 1 _aRíos, Vicente de los
_d1732-1779
_eBiógrafo
_97114
740 0 _aEl Ingenioso Hidalgo Don Quijote de la Mancha
902 _aQFM
942 _2lcc
_cB
999 _c2171
_d2171